000 00430nam a22001817a 4500
999 _c7814
_d7812
005 20210904140545.0
008 210821b ||||| |||| 00| 0 eng d
020 _a978-1-84592-464-5
041 _aeng
082 _a343.4104
100 _aLEE,NATALIE
_96542
245 _aREVENUE LAW PRINCIPLES AND PRACTICE
250 _a25th Ed.
260 _aW.S.
_bTOTTEL
_c2007
300 _a1530,p
650 _aLAW
_95701
942 _cBK